000
00222nam a2200097Ia 4500
005
20251222114400.0
008
251222s1900||||xx |||||||||||||| ||spa||
082
_a
DVD0092/C85/2010
245
0
_a
La Ășltima Cima :
942
_c
DVD
999
_c
1613
_d
1613